000 00828nam a2200265 i 4500
003 DO-SdBNP
005 20250620092347.0
007 ta
008 250521b2000 dr ac||| |||| 00| 0 spa d
020 _a9780970032201
040 _aDO-SdBNP
_bspa
_cBNPHU
_erda
041 _aspa
082 4 _222
_axxx
_bxxx
100 1 _aUreña Rib, Fernando,
_d1951-
_eautor
_4aut.
_930237
245 1 0 _aDecir la piel :
_bo las discretas orgías del silencio /
_cFernando Ureña Rib
250 _aSegunda edición
264 1 _aSanto Domingo :
_bFundación Ureña Rib,
_c2000.
300 _a157 páginas :
_bilustraciones, retratos ;
_c29 cm.
336 _atexto
_btxt
_2rdacontent
337 _asin mediación
_bn
_2rdamedia
338 _avolumen
_bnc
_2rdacarrier
590 _aInventariado, 2025/BT
910 _aBtavárez
942 _2ddc
_cLBS1
999 _c59081
_d59081